Tècniques constructives d'època ibèrica i experimentació arquitectònica a la Mediterrània: actes de la I reunió internacional d'arqueologia de Calafell
Сохранить в:
| Главные авторы: | , , , |
|---|---|
| Формат: | |
| Язык: | каталанский |
| Опубликовано: |
Barcelona
Universitat de Barcelona
2001
|
| Серии: | Arqueo Mediterranea, 6
|
| Предметы: | |
| Метки: |
Добавить метку
Нет меток, Требуется 1-ая метка записи!
|
MARC
| LEADER | 00000nam a2200000 a 4500 | ||
|---|---|---|---|
| 001 | UCM7840 | ||
| 003 | CL-VaPUC | ||
| 005 | 20240621101025.0 | ||
| 008 | 030110e20010000sp 1 cat d | ||
| 082 | 0 | 4 | |a 722.6 |b BEL |2 21 |
| 100 | 1 | |a Belarte, Maria Carme |e author |9 620228 | |
| 700 | 1 | |a Pou, Josep |e author |9 620229 | |
| 700 | 1 | |a Sanmartí, Joan |e author |9 620230 | |
| 700 | 1 | |a Santacana i Mestre, Joan |e author |9 620231 | |
| 245 | 1 | 0 | |a Tècniques constructives d'època ibèrica i experimentació arquitectònica a la Mediterrània: actes de la I reunió internacional d'arqueologia de Calafell |
| 260 | |a Barcelona |b Universitat de Barcelona |c 2001 | ||
| 300 | |a 189 p | ||
| 490 | 0 | |a Arqueo Mediterranea, 6 | |
| 583 | |a last modification |c 20030110 00:00:00 |k Rodrigo Vera | ||
| 650 | 0 | 0 | |a Arquitectura antigua |9 262616 |
| 650 | 0 | 0 | |a Arqueología |9 265619 |
| 650 | 0 | 0 | |a Ciudades |9 265474 |
| 651 | 7 | |a CALAFELL |2 CL-VaPUC |9 470564 | |
| 942 | |c BK | ||
| 945 | |a cmena |d 20030110 00:00:00 | ||
| 546 | |a En Catalán | ||
| 518 | |p Reunió Internacional d'Arqueologia de Calafell, 1, Calafell, 20 al 22 de enero de 2000 | ||
| 999 | |c 383826 |d 383824 | ||
| 952 | |0 0 |1 0 |4 0 |6 722_600000000000000_BEL_2001 |7 0 |8 X |9 506107 |a BIBHIS |b BIBHIS |d 2020-01-23 |i 3854833 |o 722.6 BEL 2001 |p 3854833 |r 2024-01-30 |w 2020-01-23 |y BK_X |k HIS | ||